000 00644nam a2200241 i 4500
001 C2-0260143
003 PPAK
005 20180727230150.0
008 041007s2003 at a|||| ||||| | eng d
020 _a0141309253
040 _aPPAK
_beng
_cPPAK
_erda
082 0 4 _a823
_223
090 0 0 _a823
_bGOD
_dK
100 1 _aGodwin, Jane,
_eauthor
245 1 0 _aJessie and Mr Smith
264 1 _aAustralia :
_bPuffin Books ,
_c2003
300 _a87 pages :
_billustrations ;
_c20 cm
336 _2rdacontent
_atext
337 _2rdamedia
_aunmediated
338 _2rdacarrier
_avolume
650 1 0 _aChildren's stories, English
942 _ddc
_cB
999 _c71266
_d71266